000
00208nam a22000857a 4500
008
170130b xxu||||| |||| 00| 0 eng d
100
_9
2652
_a
Lata.S.
245
_a
Mathsight-2
260
_a
New Delhi
_b
Brittanica
_c
2011
999
_c
5806
_d
5806